[Event "CFriend AH-2005-0-00010 email"]
[Site "Chessfriend.com"]
[Date "2005.10.01"]
[Round "1"]
[White "Malmstrom, Jan"]
[Black "Savchak, Taras"]
[Result "0-1"]
[WhiteElo "1915"]
[BlackElo "2164"]
[PlyCount "74"]
[EventDate "2005.??.??"]
[EventType "tourn (corr)"]
[EventRounds "6"]
[SourceTitle "Corr 2024"]
[Source "ChessBase"]
[SourceDate "2023.10.19"]
[SourceVersion "1"]
[SourceVersionDate "2023.10.19"]
[SourceQuality "1"]

1. e4 c5 2. Nf3 Nc6 3. d4 cxd4 4. Nxd4 Nf6 5. Nc3 e5 6. Ndb5 d6 7. Bg5 a6 8. Bxf6 gxf6 9. Na3 b5 10. Nd5 f5 11. Bd3 Be6 12. 0-0 Bxd5 13. exd5 Ne7 14. Nxb5 Bg7 15. Nc3 e4 16. Bc4 Ng6 17. Qd2 Rg8 18. Kh1 Be5 19. f4 exf3 20. gxf3 Qh4 21. Bd3 Nf4 22. Rg1 Rxg1+ 23. Rxg1 Qh5 24. Be2 Kd7 25. Na4 Re8 26. Bd1 Nh3 27. f4 Qh4 28. Rf1 Bxf4 29. Nb6+ Kd8 30. Qd4 f6 31. Nc4 Re4 32. Qb6+ Ke7 33. Qa7+ Kf8 34. Nxd6 Bxd6 35. Qb6 Bxh2 36. Qd8+ Kg7 37. Qd7+ Kh6 0-1

[Event "CFriend AH-2005-0-00010 email"]
[Site "Chessfriend.com"]
[Date "2005.10.01"]
[Round "1"]
[White "Savchak, Taras"]
[Black "Thompson, Brian"]
[Result "1-0"]
[WhiteElo "2164"]
[BlackElo "1949"]
[PlyCount "63"]
[EventDate "2005.??.??"]
[EventType "tourn (corr)"]
[EventRounds "6"]
[SourceTitle "Corr 2024"]
[Source "ChessBase"]
[SourceDate "2023.10.19"]
[SourceVersion "1"]
[SourceVersionDate "2023.10.19"]
[SourceQuality "1"]

1. e4 c5 2. Nf3 d6 3. d4 cxd4 4. Nxd4 Nf6 5. Nc3 a6 6. Be3 e6 7. f3 b5 8. g4 h6 9. Qd2 b4 10. Na4 Nbd7 11. 0-0-0 d5 12. exd5 Nxd5 13. Bc4 Bb7 14. Rhe1 Ne5 15. Bb3 Qc7 16. Bf2 Bd6 17. Bg3 0-0-0 18. Qe2 Nd7 19. Bxd5 exd5 20. Qd2 Rhe8 21. Bxd6 Qxd6 22. Nf5 Qf8 23. Qf4 Re6 24. Rxe6 fxe6 25. Nd6+ Kb8 26. Nf7+ e5 27. Qf5 Bc6 28. Nxd8 Qxd8 29. b3 Qf6 30. Qxf6 gxf6 31. Rg1 Kc7 32. Rg3 1-0

[Event "CFriend AC-2005-Q-00002 email"]
[Site "Chessfriend.com"]
[Date "2005.07.22"]
[Round "1"]
[White "Savchak, Taras"]
[Black "Balabaev, Farit"]
[Result "1/2-1/2"]
[WhiteElo "2164"]
[BlackElo "2437"]
[PlyCount "59"]
[EventDate "2005.??.??"]
[EventType "tourn (corr)"]
[EventRounds "6"]
[SourceTitle "Corr 2024"]
[Source "ChessBase"]
[SourceDate "2023.10.19"]
[SourceVersion "1"]
[SourceVersionDate "2023.10.19"]
[SourceQuality "1"]

1. e4 c5 2. Nf3 Nc6 3. d4 cxd4 4. Nxd4 Nf6 5. Nc3 e5 6. Ndb5 d6 7. Bg5 a6 8. Na3 b5 9. Bxf6 gxf6 10. Nd5 f5 11. Bd3 Be6 12. c3 Bg7 13. Nxb5 axb5 14. Bxb5 Bd7 15. exf5 0-0 16. 0-0 Rb8 17. a4 e4 18. Re1 Ne5 19. f6 Bxf6 20. Nxf6+ Qxf6 21. Bxd7 Rxb2 22. Re2 Rxe2 23. Qxe2 Nxd7 24. Qg4+ Qg7 25. Qxd7 Qxc3 26. Rd1 e3 27. fxe3 Qxe3+ 28. Kh1 Ra8 29. Qg4+ Kf8 30. h3 1/2-1/2

[Event "CFriend AQ-2004-0-00002 email"]
[Site "Chessfriend.com"]
[Date "2004.01.17"]
[Round "1"]
[White "Massimini Gerbino, Martina"]
[Black "Savchak, Taras"]
[Result "0-1"]
[WhiteElo "1923"]
[BlackElo "2164"]
[PlyCount "88"]
[EventDate "2004.??.??"]
[EventType "tourn (corr)"]
[EventRounds "14"]
[SourceTitle "Corr 2024"]
[Source "ChessBase"]
[SourceDate "2023.10.19"]
[SourceVersion "1"]
[SourceVersionDate "2023.10.19"]
[SourceQuality "1"]

1. Nf3 Nf6 2. c4 g6 3. d4 Bg7 4. g3 0-0 5. Nc3 d6 6. Bg2 c6 7. 0-0 Qa5 8. h3 Be6 9. d5 cxd5 10. Nd4 Bd7 11. cxd5 Rc8 12. Nb3 Qd8 13. e4 a5 14. Nd4 a4 15. Rb1 Na6 16. f4 Nh5 17. g4 Ng3 18. Re1 Rc4 19. Nc2 h5 20. Qd3 Qb6+ 21. Be3 Qc7 22. Na3 Rb4 23. Kh2 h4 24. Nc2 Rc4 25. e5 Nb4 26. Nxb4 Rxb4 27. e6 Be8 28. Rbc1 Qa5 29. Rc2 Rc8 30. a3 Rbc4 31. exf7+ Bxf7 32. Bf2 Kf8 33. Qd2 b5 34. Rcc1 R8c7 35. Red1 Qa6 36. Be3 Qb7 37. Qd3 b4 38. axb4 a3 39. Bc5 Rxf4 40. bxa3 Be5 41. Be3 Rfc4 42. Na2 Ne2+ 43. Kh1 Nxc1 44. Rxc1 Rxc1+ 0-1

[Event "CFriend AQ-2004-0-00002 email"]
[Site "Chessfriend.com"]
[Date "2004.01.17"]
[Round "1"]
[White "Quinones, Jorge"]
[Black "Savchak, Taras"]
[Result "1/2-1/2"]
[WhiteElo "2120"]
[BlackElo "2164"]
[PlyCount "76"]
[EventDate "2004.??.??"]
[EventType "tourn (corr)"]
[EventRounds "14"]
[SourceTitle "Corr 2024"]
[Source "ChessBase"]
[SourceDate "2023.10.19"]
[SourceVersion "1"]
[SourceVersionDate "2023.10.19"]
[SourceQuality "1"]

1. e4 c5 2. Nf3 Nc6 3. d4 cxd4 4. Nxd4 Nf6 5. Nc3 e5 6. Ndb5 d6 7. Bg5 a6 8. Na3 b5 9. Bxf6 gxf6 10. Nd5 f5 11. Bd3 Be6 12. 0-0 Bxd5 13. exd5 Ne7 14. Nxb5 Bg7 15. Nc3 e4 16. Bc4 Ng6 17. Qh5 Qc8 18. Bb3 0-0 19. Rae1 Bxc3 20. bxc3 Ra7 21. Re3 f6 22. Kh1 Ne5 23. Rg3+ Rg7 24. Rxg7+ Kxg7 25. f4 Ng4 26. h3 Ne3 27. Re1 Qc5 28. c4 Rc8 29. g4 Qa5 30. Rg1 fxg4 31. hxg4 Qc3 32. c5 dxc5 33. g5 f5 34. Rg3 Qe1+ 35. Rg1 Qc3 36. Qh6+ Kh8 37. Qxa6 Rd8 38. Qb6 Ra8 1/2-1/2

[Event "CFriend AQ-2004-0-00002 email"]
[Site "Chessfriend.com"]
[Date "2004.01.17"]
[Round "?"]
[White "Savchak, Taras"]
[Black "Marmont, Benjamin"]
[Result "1-0"]
[WhiteElo "1800"]
[BlackElo "1315"]
[PlyCount "39"]
[EventDate "2004.??.??"]
[EventType "tourn (corr)"]
[EventRounds "14"]
[SourceTitle "Corr 2008"]
[Source "ChessBase"]
[SourceDate "2008.06.24"]
[SourceVersion "1"]
[SourceVersionDate "2008.06.24"]
[SourceQuality "1"]

1. e4 c5 2. Nf3 d6 3. d4 cxd4 4. Nxd4 Nf6 5. Nc3 a6 6. Be3 e5 7. Nb3 Be7 8. f3 Be6 9. Qd2 0-0 10. 0-0-0 a5 11. Bb5 Nc6 12. Kb1 Na7 13. g4 Nxb5 14. Nxb5 a4 15. Nc1 d5 16. g5 Nh5 17. exd5 Bd7 18. Nc3 a3 19. d6 axb2 20. Nb3 1-0